All XLOV songs - Statistics

General Stats
  • This quiz has been taken 170 times
  • The average score is 9 of 10
Answer Stats
I'mma Be % Correct
I'mma Be
97%
Rizz
96%
1&Only
93%
Biii:-P
93%
Scent
84%
1 of LOV
81%
BIZNESS
81%
Dirty Baby
80%
Drip Drip
74%
Kiss and say goodbye
74%
No matching quizzes found
Score Distribution
Percent of People with Each Score
Percentile by Number Answered
Your Score History
You have not taken this quiz